• 首页
  • 本馆介绍
  • 公告通知
  • 最新文献
  • 馆藏检索
  • 电子资源
  • 读者导购
  • 参考咨询
  • 我的图书馆
  • 登录
  • 详细信息显示
  • 放入我的书架
  • 预约/预借图书
  • 作者相关作品
  • 分类相关作品
  • 丛书相关作品
  • 出版社相关作品

书目信息

  • 表格格式
  • 工作单格式
  • 卡片格式
题名:
巾帼颂
    
 
作者: ;全国妇联宣教部 编
分册:  
出版信息: 北京   新华出版社  1986
页数: 313页
开本: 19cm
丛书名: 社会主义精神文明建设丛书
单 册:
中图分类: D442.62
科图分类:
主题词: 妇女工作--思想政治教育--中国
电子资源:
ISBN:
000 00839nam2 2200265 45
001 0186014527
005 20050627153415.5
010    @dCNY3.10
091    @b3203.116
100    @a19920616d1986 em y0chiy0121 ea
101 0  @achi
102    @aCN@b110000
105    @ay z 000zd
200 10 @a巾帼颂@Ajin guo song@e当代妇女先进事迹@EDang Dai Fu Nu Xian Jin Shi Ji@f全国妇联宣教部编@FQuan Guo Fu Lian Xuan Jiao Bu Bian
210    @a北京@c新华出版社@d1986
215    @a313页@d19cm
225 2  @a社会主义精神文明建设丛书
410  0 @120010@a社会主义精神文明建设丛书
517    @a当代妇女先进事迹@ADang Dai Fu Nu Xian Jin Shi Ji
606    @a妇女工作@x思想政治教育@y中国
690    @aD442.62@v3
711 02 @a全国妇联宣教部@4编
801  0 @aCN@b深圳图书馆@c20040421
801  2 @aCN@bNLC@c20040421
905    @dD442.62@e4@f1@b252525
    
    巾帼颂:当代妇女先进事迹/全国妇联宣教部编.-北京:新华出版社,1986
    313页;19cm.-(社会主义精神文明建设丛书)
    
    
    ISBN :CNY3.10
    
●
相关链接 在E读中查询图书 在五车中查询图书 在当当中查询图书 在豆瓣中查询图书


正题名:巾帼颂     索取号:D442.62/4         预约/预借

序号 登录号 条形码 馆藏地/架位号 状态 备注
1 0252523   000381358   第一借阅区/ [索取号:D442.62/4] 在馆    
2 0252524   000381367   第一借阅区/ [索取号:D442.62/4] 在馆    
3 0252525   000381349   第一样本阅览室/ [索取号:D442.62/4] 在馆    
4 0255778   000481482   第一借阅区/ [索取号:D442.62/4] 在馆    
5 0255779   001862149   密集书库/ [索取号:D442.62/4] 在馆    
6 0255780   000481491   第一借阅区/ [索取号:D442.62/4] 在馆    
唐山师范学院图书馆 欢迎您!
大连网信软件有限公司© 版权所有